| 000 | 00622nam a22002177a 4500 | ||
|---|---|---|---|
| 005 | 20170124110121.0 | ||
| 010 | _aB-012797 | ||
| 020 | _c25.00 | ||
| 035 | _aB-012797 | ||
| 037 | _bCen Lib/Ret | ||
| 040 |
_aDPL _bEN |
||
| 082 |
_a954.11 _bAGO |
||
| 245 |
_aAgony of Kashmir / _ccompiled by D.N.Munshi |
||
| 260 |
_aNew Delhi _bSuruchi Prakashan _c1992 |
||
| 270 |
_aKrshav Kunj _bNew Delhi _e110055 |
||
| 300 |
_avi,62p. _c17cm(Hb) |
||
| 650 |
_aPolitics and government _930556 |
||
| 650 |
_aIndia--Jammu and Kashmir _930557 |
||
| 700 |
_930461 _aMunshi, D.N. |
||
| 942 |
_2ddc _cEN _h954.11 _mAGO |
||
| 999 |
_c130997 _d130997 |
||